| 000 | 00686nam a2200217 i 4500 | ||
|---|---|---|---|
| 001 | 95017 | ||
| 003 | ES-MaACL | ||
| 005 | 20230906181620.0 | ||
| 007 | t| | ||
| 008 | 050519s1918 ag |||| | spa d | ||
| 080 | _a342.821-055.2 | ||
| 080 | _a616.89-008.441.3 | ||
| 100 | 1 |
_aLuisi, Paulina. _974704 |
|
| 245 | 1 | 3 |
_aLa lucha contra el alcoholismo y el sufragio femenino / _cPaulina Luisi. |
| 260 |
_aBuenos Aires : _bJosé Tragant, _c1918. |
||
| 300 |
_a56 p. ; _c22 cm. |
||
| 595 | _aSeparata de: Revista Argentina de Ciencias Políticas, año VIII, T. XVI, p. 532 y 655. | ||
| 650 | 4 |
_aMujeres- _xVoto. _9151875 |
|
| 650 | 0 | 4 |
_aAlcoholismo. _99712 |
| 852 |
_aES-MaACL _j1652-F-17 |
||
| 999 |
_c95017 _d95017 |
||